000 00787nam a2200265Ia 4500
001 21783
005 20260320113312.0
008 260320s9999||||xx |||||||||||||| ||und||
020 _a9786125041418
041 _aESP
082 _a937.01
_bC89
100 _aCriado, Francisco,
_eAUT
245 0 _aLa Roma de los siete reyes
_b
246 _a
_5
_b
250 _aSegunda edición
260 _aLa Molina [Lima] :
_bACUEDI Ediciones,
_c2023
300 _a469 páginas :
_bilustraciones ;
_c21 cm.
_e
440 _a
_n
_v
650 _aHIS
653 _aRoma - Historia - Reyes, 753-510 a.C.; Roma (Italia) - Civilización
654 _aCHU
700 _a
_c
856 _uhttps://www-jstor-org.ucsp.lookproxy.com/
_zVéase además: Base de datos JSTOR
942 _cLIB
_dJUS
_fMAT
_2ddc
_n
999 _c21783
_d21783